000 00949nam a22002657a 4500
999 _c53409
_d53409
005 20230113150529.0
010 _aENG-102906 G-001460 B-446799-820, ENG-136002
020 _c695.00
_a9788178440729
035 _aEN-86439 B-446799-820
035 _aEN-119534
037 _bDBAD / PUB
037 _bGift
037 _bBlue Berry/Ven
082 _a920
100 _aRavi Ranjan
245 _aSardar Vallabhbhai Patel /
_cby Ravi Ranjan [and] M. K. Singh
260 _aNew Delhi
_bK. K. Publications
_c2009
270 _a109, 4855/24, Harbans Street, Ansari Road, Darya Ganj
_bNew Delhi
_e110002
300 _a272p.
_c22cm (Hb)
500 _aIncludes bibliographical references and index
700 _928520
_aSingh , M. K.
942 _2ddc
_cEN
_mPAT
_h920